书目信息 |
| 题名: |
内幕
|
|
| 作者: | 平切尔 著 ;石益仁 译 | |
| 分册: | ||
| 出版信息: | 北京 新华出版社 1981 |
|
| 页数: | 538页 | |
| 开本: | 19cm | |
| 丛书名: | ||
| 单 册: | ||
| 中图分类: | D756.1 | |
| 科图分类: | ||
| 主题词: | 政治 , 政治--概况--英国 | |
| 电子资源: | ||
| ISBN: | ||
| 000 | 00709nam0 2200265 45 | |
| 001 | 0181002394 | |
| 005 | 20060911105056.10 | |
| 010 | @dCNY1.30 | |
| 091 | @a3203.006 | |
| 100 | @a19950602d1981 em y0chiy0121 ea | |
| 101 | 1 | @achi@ceng |
| 102 | @aCN@b110000 | |
| 105 | @ay z 000zy | |
| 200 | 10 | @a内幕@Anei mu@e追求权力纪实@f(英)平切尔著@g石益仁译 |
| 210 | @a北京@c新华出版社@d1981 | |
| 215 | @a538页@d19cm | |
| 517 | 1 | @a追求权利纪实@Azhui qiu quan li ji shi |
| 606 | 0 | @a政治 |
| 606 | @a政治@x概况@y英国 | |
| 690 | @aD756.1 | |
| 701 | 1 | @a平切尔@Aping qie er@4著 |
| 702 | 0 | @a石益仁@Ashi yi ren@4译 |
| 801 | 0 | @aCN@b上海图书馆@c20060911 |
| 801 | 2 | @aCN@bNLC@c20060803 |
| 905 | @dD756.1@e37 | |
| 内幕:追求权力纪实/(英)平切尔著/石益仁译.-北京:新华出版社,1981 |
| 538页;19cm |
| ISBN :CNY1.30 |
| ● |
| 相关链接 |
|
|
|
|
正题名:内幕
索取号:D756.1/37
 
预约/预借
| 序号 | 登录号 | 条形码 | 馆藏地/架位号 | 状态 | 备注 |
| 1 | 0061931 | 001015555 | 第一样本阅览室/ [索取号:D756.1/37] | 在馆 | |
| 2 | 0061932 | 001015564 | 第一借阅区/ [索取号:D756.1/37] | 在馆 | |
| 3 | 0443675 | 204436752 | 密集书库/ [索取号:D756.1/37] | 在馆 | |
| 4 | 0471905 | 204719055 | 密集书库/ [索取号:D756.1/37] | 在馆 |